[Event "3th Serbian Open 2023"]
[Site "Hotel Metropol, Serbia"]
[Date "2023.07.21"]
[Round "6.3"]
[White "Urazayev, Arystanbek"]
[Black "Sonis, Francesco"]
[Result "1/2-1/2"]
[WhiteElo "2427"]
[BlackElo "2568"]
[PlyCount "99"]
[EventDate "2023.??.??"]

1. e4 c5 2. Nf3 d6 3. d4 cxd4 4. Nxd4 Nf6 5. Nc3 a6 6. Be3 e5 7. Nf3 Be7 8. h3 O-O 9. g4 Be6 10. g5 Ne8 11. Qd2 Nc7 12. O-O-O Nd7 13. h4 b5 14. Kb1 Qb8 15. Bh3 Nb6 16. Bxb6 Qxb6 17. Nd5 Nxd5 18. exd5 Bxh3 19. Rxh3 Rac8 20. Qe2 Rc5 21. Ne1 Qb7 22. Rhd3 f5 23. f4 e4 24. R3d2 Bd8 25. Ng2 Ba5 26. Rd4 Bb6 27. h5 Rc7 28. R4d2 Ba5 29. Rd4 Rfc8 30. Ne3 g6 31. hxg6 hxg6 32. Rh1 Rh7 33. Rdd1 Bb6 34. c3 Re8 35. Nc2 Bc5 36. Rxh7 Qxh7 37. a4 bxa4 38. Qxa6 Qa7 39. Qc6 Rb8 40. Nd4 e3 41. Ne6 a3 42. Nxc5 e2 43. Re1 Rxb2+ 44. Ka1 Qb8 45. Nd3 Rd2 46. Qd7 Rd1+ 47. Ka2 Rxe1 48. Qe6+ Kh7 49. Qf7+ Kh8 50. Qf6+ 1/2-1/2

[Event "3th Serbian Open 2023"]
[Site "Hotel Metropol, Serbia"]
[Date "2023.07.21"]
[Round "6.15"]
[White "Bhattacharyya, Soham"]
[Black "Mitsis, Georgios"]
[Result "1-0"]
[WhiteElo "2146"]
[BlackElo "2412"]
[PlyCount "133"]
[EventDate "2023.??.??"]

1. d4 Nf6 2. c4 e6 3. g3 c5 4. d5 exd5 5. cxd5 d6 6. Nc3 g6 7. Bg2 Bg7 8. Nf3 O-O 9. O-O Re8 10. Bf4 h6 11. Qc1 g5 12. Bd2 Bf5 13. h4 g4 14. Nh2 Kh7 15. Bf4 Bf8 16. e4 Bg6 17. Re1 Nbd7 18. Qd1 h5 19. Nf1 Ne5 20. Ne3 b5 21. Bg5 b4 22. Ne2 Bh6 23. Bxh6 Kxh6 24. Nf5+ Kh7 25. Nf4 Qd7 26. Qc2 a5 27. a3 a4 28. axb4 cxb4 29. Nxg6 fxg6 30. Nd4 b3 31. Qd2 Rec8 32. Nc6 Qe8 33. Qd4 Nfd7 34. Rxa4 Rxa4 35. Qxa4 Nxc6 36. dxc6 Ne5 37. Qxb3 Rxc6 38. Qb7+ Kh6 39. Ra1 Qc8 40. Qxc8 Rxc8 41. b4 Rb8 42. Rb1 g5 43. hxg5+ Kxg5 44. b5 Rb6 45. Bf1 Nf3+ 46. Kg2 Nd2 47. Rb4 Kf6 48. Be2 Ke5 49. f4+ gxf3+ 50. Bxf3 h4 51. gxh4 Kf4 52. Bd1 Ke3 53. Bc2 Rb8 54. Bb3 Rb7 55. h5 Rg7+ 56. Kh3 Nxe4 57. Bd5 Ng5+ 58. Kh4 Nh7 59. b6 Nf6 60. b7 Rh7 61. Rb3+ Kf4 62. Bf3 Nd7 63. Bg2 Nb8 64. Rf3+ Ke5 65. Rf8 Nd7 66. Rd8 Nf6 67. b8=Q 1-0

[Event "3th Serbian Open 2023"]
[Site "Hotel Metropol, Serbia"]
[Date "2023.07.21"]
[Round "6.25"]
[White "Stefanou, Dimitrios"]
[Black "Djokic, Mihailo"]
[Result "1-0"]
[WhiteElo "2327"]
[BlackElo "2146"]
[PlyCount "61"]
[EventDate "2023.??.??"]

1. Nf3 Nf6 2. c4 e6 3. e3 d5 4. Nc3 g6 5. d4 Bg7 6. Be2 O-O 7. O-O dxc4 8. Bxc4 c5 9. Qe2 a6 10. dxc5 Qa5 11. e4 Nc6 12. Rd1 Qxc5 13. Bf4 b5 14. Bb3 Qb6 15. e5 Nd7 16. Rac1 Na5 17. Ne4 Qb8 18. Qe3 Kh8 19. Nf6 Qa7 20. Nxd7 Bxd7 21. Qd2 Nxb3 22. axb3 Be8 23. Qd6 Rg8 24. Bg5 Qb8 25. Qd4 Qb7 26. Bf6 Bxf6 27. exf6 g5 28. Ne5 Rc8 29. h3 Bc6 30. Qb6 Rgf8 31. Rxc6 1-0

[Event "3th Serbian Open 2023"]
[Site "Hotel Metropol, Serbia"]
[Date "2023.07.21"]
[Round "6.2"]
[White "Cheng, Bobby"]
[Black "Bronstein, Or"]
[Result "1/2-1/2"]
[WhiteElo "2572"]
[BlackElo "2448"]
[PlyCount "50"]
[EventDate "2023.??.??"]

1. d4 Nf6 2. Nf3 d5 3. Bf4 e6 4. Nbd2 c5 5. e3 Qb6 6. Rb1 Bd6 7. dxc5 Qxc5 8. Bd3 O-O 9. O-O Nbd7 10. b4 Qc7 11. Bxd6 Qxd6 12. e4 dxe4 13. Nxe4 Nxe4 14. Bxe4 Qf4 15. Re1 Nf6 16. Qd4 Nxe4 17. Rxe4 Qc7 18. Qc4 Qxc4 19. Rxc4 f6 20. Rd1 e5 21. Rd6 Bf5 22. Rc7 Rf7 23. Rc4 Rff8 24. Rc7 Rf7 25. Rc4 Rff8 1/2-1/2

[Event "3th Serbian Open 2023"]
[Site "Hotel Metropol, Serbia"]
[Date "2023.07.21"]
[Round "6.17"]
[White "Rohit, S."]
[Black "Manafov, Vugar"]
[Result "0-1"]
[WhiteElo "2109"]
[BlackElo "2385"]
[PlyCount "54"]
[EventDate "2023.??.??"]

1. e4 c5 2. Nf3 e6 3. d4 cxd4 4. Nxd4 a6 5. c4 Nf6 6. Nc3 Qc7 7. a3 b6 8. Bd3 Bb7 9. O-O d6 10. f4 Nbd7 11. Be3 Nc5 12. Bc2 Be7 13. Qf3 O-O 14. Rae1 Rfe8 15. g4 d5 16. cxd5 exd5 17. e5 Nfe4 18. Qh3 g6 19. Nxe4 dxe4 20. Rc1 Qd8 21. f5 Bg5 22. f6 Rxe5 23. Nf5 gxf5 24. Bxg5 Ne6 25. Qg3 Nxg5 26. Qxe5 Qd2 27. Qc3 e3 0-1

[Event "3th Serbian Open 2023"]
[Site "Hotel Metropol, Serbia"]
[Date "2023.07.21"]
[Round "6.11"]
[White "Stankovic, Boris"]
[Black "Subelj, Jan"]
[Result "0-1"]
[WhiteElo "2221"]
[BlackElo "2513"]
[PlyCount "66"]
[EventDate "2023.??.??"]

1. e4 c6 2. Nc3 d5 3. Nf3 dxe4 4. Nxe4 Nf6 5. Qe2 Nxe4 6. Qxe4 Nd7 7. Bc4 Nf6 8. Ne5 e6 9. Qe2 b5 10. Bd3 Bb7 11. O-O Be7 12. a4 a6 13. b3 Qd4 14. c3 Qb6 15. Bb2 O-O 16. Qf3 Rad8 17. Qh3 c5 18. axb5 axb5 19. Rae1 h6 20. Re3 c4 21. Bb1 Qc7 22. d4 cxd3 23. c4 Be4 24. Rg3 Kh7 25. Ng4 bxc4 26. bxc4 Qxc4 27. Qh4 Nd5 28. Ne3 Bxh4 29. Rxg7+ Kh8 30. Nxc4 Bf6 31. Bxf6 Nxf6 32. Rg3 d2 33. Nb2 Rb8 0-1

[Event "3th Serbian Open 2023"]
[Site "Hotel Metropol, Serbia"]
[Date "2023.07.21"]
[Round "6.14"]
[White "Neelash, Saha"]
[Black "Harshad, S."]
[Result "1/2-1/2"]
[WhiteElo "2429"]
[BlackElo "2222"]
[PlyCount "214"]
[EventDate "2023.??.??"]

1. d4 Nf6 2. c4 e6 3. Nc3 Bb4 4. e3 O-O 5. Nge2 c6 6. a3 Ba5 7. Ng3 d5 8. Bd2 Nbd7 9. Be2 dxc4 10. Bxc4 e5 11. Nce2 exd4 12. Bxa5 Qxa5+ 13. b4 Qb6 14. Nxd4 c5 15. bxc5 Qa5+ 16. Qd2 Qxd2+ 17. Kxd2 Nxc5 18. Rhc1 b6 19. a4 Bb7 20. f3 Rfd8 21. Ke2 Nd5 22. a5 Nf4+ 23. Kf1 Nd5 24. Kf2 Nb4 25. Rcb1 Nbd3+ 26. Bxd3 Nxd3+ 27. Ke2 Nf4+ 28. exf4 Rxd4 29. axb6 Re8+ 30. Kf2 axb6 31. Rxb6 Ba8 32. Re1 Rd2+ 33. Re2 Rdxe2+ 34. Nxe2 Bd5 35. f5 g6 36. Nf4 Bc4 37. Kg3 Kg7 38. Kg4 Re5 39. fxg6 hxg6 40. h4 Rb5 41. Rc6 Bd5 42. Rd6 Bb7 43. Rd8 Kh6 44. Nh3 Rd5 45. Rb8 Rb5 46. Kf4 Bc6 47. Rd8 Rf5+ 48. Kg3 Rd5 49. Rg8 Kh7 50. Rc8 Bd7 51. Rd8 Kg7 52. Ng5 Rd3 53. Ne4 Bb5 54. Rc8 Bd7 55. Rd8 Bb5 56. Rb8 Bd7 57. Rb6 Bf5 58. Nd6 Be6 59. Ne8+ Kf8 60. Nc7 Bd7 61. Rb4 Rd2 62. Na6 Kg7 63. Nc5 Bf5 64. Rc4 Rc2 65. Rxc2 Bxc2 66. Kf4 f6 67. g4 Bd1 68. Ne6+ Kh6 69. g5+ fxg5+ 70. hxg5+ Kh7 71. Nd4 Kg7 72. Ke5 Kf7 73. Kd6 Ba4 74. f4 Bd1 75. Nc6 Bc2 76. Ne5+ Kg7 77. Ke7 Be4 78. Nd7 Bc2 79. Nc5 Bb1 80. Ne6+ Kg8 81. Kf6 Bc2 82. Nd8 Bf5 83. Nc6 Bb1 84. Ne7+ Kh7 85. Kf7 Ba2+ 86. Kf8 Be6 87. Nc6 Ba2 88. Ne5 Be6 89. Ke7 Ba2 90. Kf8 Be6 91. Nf3 Ba2 92. Nd4 Bc4 93. Ke7 Kg7 94. Ne6+ Kg8 95. Kf6 Bd3 96. Nc5 Bc2 97. Nd7 Bb1 98. Ne5 Kh7 99. Nf7 Bc2 100. Nh6 Bb1 101. Kf7 Ba2+ 102. Kf8 Be6 103. Nf7 Ba2 104. f5 gxf5 105. Ne5 f4 106. g6+ Kh6 107. g7 f3 1/2-1/2

[Event "3th Serbian Open 2023"]
[Site "Hotel Metropol, Serbia"]
[Date "2023.07.21"]
[Round "6.27"]
[White "Sharma, Dinesh K."]
[Black "Raahul, V S"]
[Result "1/2-1/2"]
[WhiteElo "2182"]
[BlackElo "2319"]
[PlyCount "78"]
[EventDate "2023.??.??"]

1. e4 e5 2. Nf3 Nc6 3. Bb5 g6 4. d4 exd4 5. Bg5 Be7 6. Bxe7 Qxe7 7. O-O Nf6 8. Bxc6 dxc6 9. Qxd4 c5 10. Qe3 Bg4 11. Nfd2 O-O-O 12. h3 Bd7 13. Nc3 Bc6 14. Rfe1 Rhe8 15. Rad1 b6 16. e5 Nd5 17. Nxd5 Rxd5 18. Nf3 Rxd1 19. Rxd1 f6 20. Re1 Qd8 21. Qc3 fxe5 22. Nxe5 Bb7 23. Nf7 Rxe1+ 24. Qxe1 Qd7 25. Ne5 Qd5 26. Nf3 Bc6 27. a3 Kb7 28. c3 a5 29. Qe2 b5 30. Qd2 Qd6 31. Qe2 Qd5 32. Qd2 Qe4 33. Ne1 b4 34. f3 Qc4 35. Nd3 Bb5 36. Ne5 Qb3 37. Kh2 bxa3 38. bxa3 a4 39. Qc1 Qe6 1/2-1/2

[Event "3th Serbian Open 2023"]
[Site "Hotel Metropol, Serbia"]
[Date "2023.07.21"]
[Round "6.18"]
[White "Morvekar, Kedar"]
[Black "Uskov, Artem"]
[Result "0-1"]
[WhiteElo "2049"]
[BlackElo "2371"]
[PlyCount "64"]
[EventDate "2023.??.??"]

1. Nf3 Nf6 2. g3 g6 3. Bg2 Bg7 4. O-O O-O 5. d3 d5 6. Nbd2 c5 7. e4 Nc6 8. Re1 h6 9. a4 Qc7 10. exd5 Nxd5 11. Nc4 Rd8 12. Bd2 e5 13. Qc1 Kh7 14. h4 Bg4 15. Nh2 Be6 16. h5 g5 17. Ne3 Nde7 18. g4 Nd4 19. Be4+ Kh8 20. Nf3 Qd7 21. Nh2 f5 22. gxf5 Nexf5 23. Nxf5 Nxf5 24. Qd1 Rf8 25. Be3 Nxe3 26. fxe3 g4 27. Re2 Qf7 28. Bg6 Qf6 29. Rg2 g3 30. Nf1 Bh3 31. Rd2 Qg5 32. Qe2 g2 0-1

[Event "3th Serbian Open 2023"]
[Site "Hotel Metropol, Serbia"]
[Date "2023.07.21"]
[Round "6.19"]
[White "Tolstykh, Viktor"]
[Black "Radovanovic, Nikola"]
[Result "1/2-1/2"]
[WhiteElo "1845"]
[BlackElo "2439"]
[PlyCount "74"]
[EventDate "2023.??.??"]

1. d4 Nf6 2. c4 g6 3. Nc3 Bg7 4. e4 d6 5. Be2 O-O 6. h4 c5 7. d5 e6 8. h5 exd5 9. exd5 Re8 10. h6 Bh8 11. Bg5 Qb6 12. b3 Ne4 13. Nxe4 Rxe4 14. Kf1 Re8 15. Bd3 Bg4 16. f3 Bc8 17. Ne2 Nd7 18. Ng3 Ne5 19. Rc1 f5 20. Qc2 Bd7 21. Bd2 Qd8 22. Re1 Nxd3 23. Rxe8+ Qxe8 24. Qxd3 Qe5 25. f4 Qa1+ 26. Kf2 Qxa2 27. Re1 Re8 28. Rxe8+ Bxe8 29. Ne2 Qb2 30. Qe3 Kf8 31. Qe6 Qf6 32. Qc8 Qh4+ 33. Kg1 Qxh6 34. Qd8 Kf7 35. Qxd6 Qh4 36. Qxc5 Qe7 37. Qf2 Qe4 1/2-1/2

[Event "3th Serbian Open 2023"]
[Site "Hotel Metropol, Serbia"]
[Date "2023.07.21"]
[Round "6.29"]
[White "Kairbekova, Amina"]
[Black "Omorjan, Dejan"]
[Result "1/2-1/2"]
[WhiteElo "2173"]
[BlackElo "2314"]
[PlyCount "105"]
[EventDate "2023.??.??"]

1. d4 Nf6 2. c4 g6 3. Nc3 d5 4. cxd5 Nxd5 5. e4 Nxc3 6. bxc3 Bg7 7. Nf3 c5 8. h3 O-O 9. Be2 cxd4 10. cxd4 Nc6 11. Be3 f5 12. Bc4+ Kh8 13. O-O fxe4 14. Ng5 Nxd4 15. Nf7+ Rxf7 16. Bxf7 e5 17. a4 Bd7 18. Ra2 Bc6 19. Bc4 Qe7 20. Qg4 Nf5 21. Bb5 Bd5 22. Rd2 Qf7 23. Qd1 Nd4 24. Bxd4 Bb3 25. Qb1 exd4 26. Qxe4 a6 27. Bd3 Bxa4 28. f4 Re8 29. Qf3 Bc6 30. Qf2 Qd5 31. Qh4 Qd6 32. f5 g5 33. Qh5 Bf6 34. Re2 Rxe2 35. Qxe2 Qg3 36. Re1 Kg7 37. Be4 d3 38. Qd2 Qd6 39. Qxd3 Qxd3 40. Bxd3 a5 41. Bc4 a4 42. Kf2 b5 43. Re6 Bd4+ 44. Ke2 Bxg2 45. Bxb5 Bxh3 46. Re7+ Kf6 47. Rxh7 Bg4+ 48. Kd3 Bxf5+ 49. Kxd4 Bxh7 50. Bxa4 g4 51. Ke3 Kg5 52. Kf2 Kh4 53. Kg1 1/2-1/2

[Event "3th Serbian Open 2023"]
[Site "Hotel Metropol, Serbia"]
[Date "2023.07.21"]
[Round "6.4"]
[White "Petrov, Nikita"]
[Black "Vatsal, Singhania"]
[Result "1/2-1/2"]
[WhiteElo "2559"]
[BlackElo "2227"]
[PlyCount "68"]
[EventDate "2023.??.??"]

1. e4 c5 2. Nf3 d6 3. d4 cxd4 4. Nxd4 Nf6 5. Nc3 Nc6 6. f3 e5 7. Nb3 Be7 8. Be3 Be6 9. Nd5 Bxd5 10. exd5 Nb4 11. c4 a5 12. a3 Na6 13. Nd2 O-O 14. Nb1 Nd7 15. Nc3 Bg5 16. Bf2 f5 17. Be2 Ndc5 18. O-O Qf6 19. Rb1 Qh6 20. b4 axb4 21. axb4 Nd7 22. c5 dxc5 23. Bxa6 Rxa6 24. bxc5 Be3 25. Qe2 Bxf2+ 26. Qxf2 Rc8 27. Rb5 Qf4 28. c6 bxc6 29. dxc6 Raxc6 30. Nd5 Qg5 31. f4 exf4 32. Qxf4 Qxf4 33. Rxf4 Rc1+ 34. Rf1 Rxf1+ 1/2-1/2

[Event "3th Serbian Open 2023"]
[Site "Hotel Metropol, Serbia"]
[Date "2023.07.21"]
[Round "6.9"]
[White "Cervantes Landeiro, Thalia"]
[Black "Chigaev, Maksim"]
[Result "0-1"]
[WhiteElo "2291"]
[BlackElo "2621"]
[PlyCount "126"]
[EventDate "2023.??.??"]

1. d4 Nf6 2. c4 e6 3. Nf3 b6 4. g3 Bb7 5. Bg2 Be7 6. O-O O-O 7. Re1 Re8 8. Bg5 c5 9. Nc3 cxd4 10. Nxd4 Bxg2 11. Kxg2 a6 12. e4 d6 13. Qe2 Qc7 14. Rac1 Nbd7 15. Be3 Rac8 16. b3 Qb7 17. f3 Rc7 18. Na4 Rec8 19. Nb2 Bf8 20. Nd3 g6 21. Qd2 Bg7 22. Bh6 Bh8 23. Ne2 Ne8 24. h4 Ndf6 25. Be3 h5 26. Qb4 Nd7 27. Bd4 Nc5 28. Qc3 Bxd4 29. Qxd4 Nd7 30. Red1 b5 31. cxb5 Qxb5 32. Rxc7 Rxc7 33. Rc1 e5 34. Qe3 Rxc1 35. Nexc1 Nef6 36. a4 Qb7 37. b4 Nb6 38. Nb2 d5 39. a5 Nbd7 40. exd5 Qxb4 41. Nbd3 Qxa5 42. Nxe5 Nxd5 43. Qd4 Nxe5 44. Qxe5 Qc5 45. Qe8+ Kg7 46. Qe5+ Kh7 47. Nd3 Qc2+ 48. Nf2 Qc5 49. Nd3 Ne3+ 50. Kg1 Qxe5 51. Nxe5 Kg7 52. Kf2 Nf5 53. Nc4 Kf6 54. Kg2 Ke6 55. Kh3 Kd5 56. Nb6+ Kc5 57. Nd7+ Kb5 58. g4 Nd4 59. Ne5 a5 60. Kg3 a4 61. Nd3 Ne2+ 62. Kf2 a3 63. Ne1 Nd4 0-1

[Event "3th Serbian Open 2023"]
[Site "Hotel Metropol, Serbia"]
[Date "2023.07.21"]
[Round "6.30"]
[White "Stanojevic, Ilija"]
[Black "Mushini, Ajay"]
[Result "1-0"]
[WhiteElo "2133"]
[BlackElo "2306"]
[PlyCount "95"]
[EventDate "2023.??.??"]

1. d4 d5 2. c4 c6 3. Nf3 Nf6 4. Nc3 e6 5. Bg5 h6 6. Bh4 Nbd7 7. e3 Be7 8. Rc1 O-O 9. Bd3 b6 10. Qe2 Bb7 11. O-O c5 12. cxd5 Nxd5 13. Bxe7 Qxe7 14. Ba6 Nxc3 15. bxc3 Bxa6 16. Qd3 Bb5 17. Qxb5 Rfc8 18. Qa6 Nf6 19. a4 Qc7 20. Ne5 Nd5 21. Rb1 f6 22. Rb3 cxd4 23. Nf3 Qc5 24. cxd4 Qc4 25. Qxc4 Rxc4 26. Ra3 Rac8 27. g3 Rc2 28. Raa1 R8c4 29. a5 b5 30. a6 Nc3 31. Ne1 Rd2 32. Nf3 Ra2 33. Rxa2 Nxa2 34. Nd2 Ra4 35. Nb3 Rxa6 36. Nc5 Ra3 37. Nxe6 Nc3 38. Kg2 b4 39. Rc1 Ra2 40. d5 Nxd5 41. Rc5 Nxe3+ 42. Kf3 Nd1 43. Rc7 Rxf2+ 44. Kg4 Ne3+ 45. Kh5 Rd2 46. Kg6 Rc2 47. Rxg7+ Kh8 48. Nd8 1-0

[Event "3th Serbian Open 2023"]
[Site "Hotel Metropol, Serbia"]
[Date "2023.07.21"]
[Round "6.5"]
[White "Tsvetkov, Andrey"]
[Black "Pranesh, M."]
[Result "1/2-1/2"]
[WhiteElo "2412"]
[BlackElo "2507"]
[PlyCount "81"]
[EventDate "2023.??.??"]

1. d4 Nf6 2. c4 e6 3. Nf3 d5 4. g3 dxc4 5. Bg2 c6 6. Ne5 Bb4+ 7. Bd2 Be7 8. e3 b5 9. Nxc6 Nxc6 10. Bxc6+ Bd7 11. Bxa8 Qxa8 12. f3 e5 13. dxe5 Ng4 14. O-O Nxe5 15. Bc3 Nd3 16. b3 O-O 17. bxc4 bxc4 18. Nd2 Qc6 19. Qe2 Rc8 20. Rfd1 Be6 21. Kg2 f5 22. Bd4 Qa6 23. Nb1 Qa5 24. Nc3 Bb4 25. Qc2 f4 26. exf4 Bh3+ 27. Kh1 Bxc3 28. Qxc3 Qd5 29. Rxd3 cxd3 30. Qxd3 Rd8 31. Rd1 Qxa2 32. Rd2 Qe6 33. Qe4 Qc8 34. Bc3 Re8 35. Qd5+ Kh8 36. Bxg7+ Kxg7 37. Qg5+ Kh8 38. Qf6+ Kg8 39. Qg5+ Kf7 40. Qh5+ Kg8 41. Qg5+ 1/2-1/2

[Event "3th Serbian Open 2023"]
[Site "Hotel Metropol, Serbia"]
[Date "2023.07.21"]
[Round "6.10"]
[White "Pavlov, Mark"]
[Black "Nenezic, Marko"]
[Result "0-1"]
[WhiteElo "2286"]
[BlackElo "2514"]
[PlyCount "98"]
[EventDate "2023.??.??"]

1. d4 Nf6 2. Nf3 g6 3. g3 Bg7 4. Bg2 O-O 5. O-O d6 6. c4 c6 7. Nc3 Qb6 8. h3 Qa6 9. Qb3 Nbd7 10. e4 e5 11. dxe5 Nxe5 12. Nxe5 dxe5 13. Re1 Be6 14. Bf1 b6 15. Be3 Qc8 16. Kh2 h5 17. Qd1 h4 18. Qf3 hxg3+ 19. fxg3 Nh7 20. Rad1 Qc7 21. c5 Rfe8 22. Qf2 b5 23. b3 Rad8 24. b4 a5 25. a3 Bb3 26. Rc1 Rf8 27. g4 Bf6 28. h4 Qe7 29. g5 Bg7 30. Qg3 f6 31. gxf6 Bxf6 32. Be2 Bxh4 33. Qxg6+ Kh8 34. Rf1 Rg8 35. Qh5 Bg5 36. Nd5 Bxd5 37. exd5 Bxe3 38. Rf7 Qxf7 39. Qxf7 Bxc1 40. dxc6 Rdf8 41. Qa2 Rf6 42. Qxg8+ Kxg8 43. Bxb5 e4 44. Bc4+ Kf8 45. b5 Bf4+ 46. Kg2 Ke7 47. Bd5 Ng5 48. b6 Kd8 49. c7+ Bxc7 0-1

[Event "3th Serbian Open 2023"]
[Site "Hotel Metropol, Serbia"]
[Date "2023.07.21"]
[Round "6.28"]
[White "Campos Gomez, Manuel"]
[Black "Serikbay, Assel"]
[Result "1-0"]
[WhiteElo "2316"]
[BlackElo "2139"]
[PlyCount "79"]
[EventDate "2023.??.??"]

1. d4 d5 2. c4 e6 3. Nf3 Nf6 4. g3 Bb4+ 5. Bd2 Be7 6. Bg2 O-O 7. O-O c6 8. Qc2 Nbd7 9. Bf4 b6 10. cxd5 cxd5 11. Rc1 Bb7 12. Bc7 Qe8 13. Qb3 a5 14. Nc3 Ba6 15. e4 Rc8 16. Bf4 Nxe4 17. Nxe4 dxe4 18. Nd2 e3 19. Bxe3 b5 20. Ne4 a4 21. Qd3 f5 22. Nc5 Nxc5 23. dxc5 Rd8 24. Qc3 Bf6 25. Qa5 Bc8 26. Rab1 Bd4 27. Bxd4 Rxd4 28. c6 f4 29. Qxb5 f3 30. Bf1 e5 31. Rd1 Bf5 32. Rxd4 exd4 33. Rd1 d3 34. Qxa4 Qe6 35. c7 Rc8 36. Qd4 Kf7 37. Qd8 Qc4 38. Bxd3 Qg4 39. Bxf5 Qxf5 40. Qd7+ 1-0

[Event "3th Serbian Open 2023"]
[Site "Hotel Metropol, Serbia"]
[Date "2023.07.21"]
[Round "6.22"]
[White "Perunovic, Miodrag"]
[Black "Vignesh, B."]
[Result "1-0"]
[WhiteElo "2405"]
[BlackElo "2197"]
[PlyCount "91"]
[EventDate "2023.??.??"]

1. e4 e5 2. Bc4 Nf6 3. d3 c6 4. Nf3 d5 5. Bb3 Bd6 6. Nc3 d4 7. Ne2 Nbd7 8. c3 c5 9. O-O O-O 10. Ng3 Nb8 11. h3 Nc6 12. Nh4 Be6 13. Nhf5 Bxf5 14. Nxf5 Ne7 15. cxd4 Nxf5 16. dxe5 Bxe5 17. exf5 Qd7 18. Qf3 Rad8 19. Rd1 Rfe8 20. a4 Bd4 21. a5 Re5 22. g4 Qe7 23. Bf4 Re2 24. Rd2 Bxf2+ 25. Kg2 Re8 26. Rxe2 Qxe2 27. Qxe2 Rxe2 28. Bd1 Be3+ 29. Bxe2 Bxf4 30. Bf3 Be5 31. Ra2 g5 32. Bxb7 h5 33. Kf3 hxg4+ 34. hxg4 Kf8 35. b3 Ke7 36. Ba6 Kd6 37. Bc4 Bf4 38. Bxf7 Nd7 39. Bh5 Ne5+ 40. Ke4 Nc6 41. f6 Nd4 42. b4 Nb3 43. b5 Ke6 44. f7 Bd6 45. b6 axb6 46. a6 1-0

[Event "3th Serbian Open 2023"]
[Site "Hotel Metropol, Serbia"]
[Date "2023.07.21"]
[Round "6.7"]
[White "Doraszelski, Alexander"]
[Black "Parkhov, Yair"]
[Result "0-1"]
[WhiteElo "2071"]
[BlackElo "2484"]
[PlyCount "58"]
[EventDate "2023.??.??"]

1. e4 d6 2. d4 Nf6 3. Nc3 g6 4. Be3 c6 5. Qd2 b5 6. f3 Nbd7 7. O-O-O b4 8. Nce2 a5 9. g4 Nb6 10. Ng3 Be6 11. d5 cxd5 12. Qd4 Nc4 13. Bxc4 dxc4 14. g5 Bg7 15. gxf6 Bxf6 16. e5 Bxe5 17. Qe4 f5 18. Qc6+ Bd7 19. Qxc4 Rc8 20. Qe2 f4 21. Bd4 Bxd4 22. Rxd4 fxg3 23. hxg3 Qb6 24. Rd2 b3 25. axb3 Qxb3 26. Kb1 Bf5 27. Qd1 a4 28. g4 a3 29. Qc1 Bxc2+ 0-1

[Event "3th Serbian Open 2023"]
[Site "Hotel Metropol, Serbia"]
[Date "2023.07.21"]
[Round "6.16"]
[White "Tadic, Stefan"]
[Black "Kuru, Atilla"]
[Result "1-0"]
[WhiteElo "2402"]
[BlackElo "2030"]
[PlyCount "65"]
[EventDate "2023.??.??"]

1. e4 e6 2. d4 d5 3. e5 c5 4. c3 Nc6 5. Nf3 Qb6 6. a3 Nh6 7. Bd3 cxd4 8. cxd4 Bd7 9. Bc2 Nf5 10. Bxf5 exf5 11. Nc3 Be6 12. O-O Be7 13. b4 h6 14. Qd3 a6 15. Rd1 O-O 16. Ne1 f6 17. Nf3 fxe5 18. dxe5 Rad8 19. Ne2 d4 20. Bb2 Bd5 21. Nf4 Qb5 22. Qxb5 axb5 23. Nxd4 Nxd4 24. Rxd4 Bf7 25. e6 Be8 26. Rxd8 Bxd8 27. Nd5 Bh4 28. e7 Rf7 29. Re1 Kh7 30. g3 Bg5 31. f4 Bf6 32. Bxf6 gxf6 33. Nc7 1-0

[Event "3th Serbian Open 2023"]
[Site "Hotel Metropol, Serbia"]
[Date "2023.07.21"]
[Round "6.8"]
[White "Bryakin, Mikhail"]
[Black "Yalcinkaya, Efe"]
[Result "1/2-1/2"]
[WhiteElo "2454"]
[BlackElo "1907"]
[PlyCount "142"]
[EventDate "2023.??.??"]

1. d4 Nf6 2. Nc3 d5 3. Bf4 e6 4. Nb5 Na6 5. e3 c5 6. a4 Bd7 7. Nf3 c4 8. c3 Be7 9. b3 cxb3 10. Qxb3 O-O 11. Bd3 Bxb5 12. axb5 Nb8 13. b6 a6 14. Bc7 Qc8 15. O-O Ne8 16. Bg3 Bd6 17. c4 Bxg3 18. fxg3 dxc4 19. Bxc4 Nd6 20. Bd3 Qd8 21. Rac1 Nc6 22. Rc5 a5 23. Ng5 g6 24. Nxe6 fxe6 25. Qxe6+ Kg7 26. Rd5 Rf6 27. Rxf6 Qxf6 28. Qxd6 Qxd6 29. Rxd6 a4 30. Rd7+ Kh6 31. Rxb7 a3 32. Bc4 a2 33. Bxa2 Rxa2 34. Rc7 Nd8 35. d5 Ra8 36. d6 Rb8 37. d7 Rb7 38. Rxb7 Nxb7 39. Kf2 Kg5 40. Kf3 Kf5 41. h4 Ke6 42. Kf4 h6 43. g4 Nd8 44. g3 Kf6 45. Ke4 Ke6 46. Kf4 Kf6 47. g5+ hxg5+ 48. Kg4 gxh4 49. gxh4 Nb7 50. e4 Nd8 51. Kf4 Ne6+ 52. Kg3 Nd8 53. Kg4 Nb7 54. Kf4 Nd8 55. e5+ Kf7 56. Kg5 Ne6+ 57. Kh6 Nd8 58. Kh7 Ne6 59. b7 Nf8+ 60. Kh6 Nxd7 61. e6+ Kxe6 62. Kxg6 Kd6 63. Kg7 Kc7 64. h5 Nc5 65. Kf6 Ne4+ 66. Kg6 Nc5 67. Kf7 Ne4 68. Kg6 Nc5 69. Kf6 Ne4+ 70. Ke7 Ng3 71. h6 Nf5+ 1/2-1/2

[Event "3th Serbian Open 2023"]
[Site "Hotel Metropol, Serbia"]
[Date "2023.07.21"]
[Round "6.13"]
[White "Atalik, Suat"]
[Black "Paszewski, Mateusz"]
[Result "1-0"]
[WhiteElo "2438"]
[BlackElo "2316"]
[PlyCount "95"]
[EventDate "2023.??.??"]

1. d4 d5 2. c4 e6 3. Nc3 Nf6 4. cxd5 exd5 5. Bg5 Be7 6. e3 h6 7. Bh4 Bg4 8. f3 Be6 9. Bb5+ c6 10. Ba4 O-O 11. Nge2 Bf5 12. Bf2 b5 13. Ng3 Bh7 14. Bc2 Nbd7 15. Bxh7+ Kxh7 16. Nf5 g6 17. Nxe7 Qxe7 18. O-O Rfe8 19. Re1 Rac8 20. Qd2 a5 21. Ne2 a4 22. Nf4 Nb6 23. Nd3 Nfd7 24. e4 Qe6 25. Nf4 Qd6 26. e5 Qe7 27. b3 Nf8 28. Be3 h5 29. Nh3 Ne6 30. Bg5 Qa7 31. Bh4 Nd7 32. Rad1 Ndf8 33. g4 Ng7 34. b4 Qd7 35. Nf2 Nfe6 36. h3 Rh8 37. Bf6 Kg8 38. f4 Nf8 39. Qe3 Re8 40. Qg3 hxg4 41. hxg4 Nh7 42. f5 Kf8 43. Bxg7+ Kxg7 44. f6+ Kg8 45. Kg2 Qe6 46. Qf4 g5 47. Qc1 Kf8 48. Rh1 1-0

[Event "3th Serbian Open 2023"]
[Site "Hotel Metropol, Serbia"]
[Date "2023.07.21"]
[Round "6.24"]
[White "Karamsetty, Jeevan"]
[Black "Kalogridis, Antonios"]
[Result "0-1"]
[WhiteElo "2185"]
[BlackElo "2328"]
[PlyCount "117"]
[EventDate "2023.??.??"]

1. e4 c5 2. Nc3 Nc6 3. Bb5 Nd4 4. Bc4 e6 5. Nge2 Nf6 6. O-O a6 7. a4 Qc7 8. d3 Nc6 9. f4 b6 10. Qe1 Bb7 11. e5 Ng8 12. Be3 h5 13. Bf2 Nb4 14. Qd2 Qc6 15. Ne4 f5 16. exf6 Nxf6 17. N2c3 h4 18. Ba2 O-O-O 19. a5 b5 20. Qe2 h3 21. g3 Kb8 22. Rfe1 c4 23. Rad1 d5 24. Nxf6 d4 25. Qe4 dxc3 26. Qxc6 Bxc6 27. Bb1 gxf6 28. bxc3 Nd5 29. dxc4 bxc4 30. Rxe6 Bb7 31. Ba2 Ba3 32. Bxc4 Nxc3 33. Rde1 Rd6 34. Rxd6 Bxd6 35. Re6 Rd8 36. Bb6 Bc7 37. Bxc7+ Kxc7 38. Bd3 Nd5 39. Bxa6 Bxa6 40. Rxa6 Nc3 41. Ra7+ Kc6 42. Rh7 Kd5 43. Kf2 Ke4 44. Re7+ Kd4 45. a6 Nd5 46. Rh7 Rc8 47. a7 Rxc2+ 48. Kf3 Ra2 49. Kg4 Ke4 50. Rxh3 Ne3+ 51. Kh5 Kf5 52. Kh6 Ng4+ 53. Kg7 Rxa7+ 54. Kf8 Ke6 55. Kg8 f5 56. Kh8 Nf6 57. Rh4 Ra8+ 58. Kg7 Rg8+ 59. Kh6 0-1

[Event "3th Serbian Open 2023"]
[Site "Hotel Metropol, Serbia"]
[Date "2023.07.21"]
[Round "6.1"]
[White "Sadhwani, Raunak"]
[Black "Henriquez Villagra, Cristobal"]
[Result "1/2-1/2"]
[WhiteElo "2608"]
[BlackElo "2618"]
[PlyCount "74"]
[EventDate "2023.??.??"]

1. d4 Nf6 2. c4 e6 3. Nc3 d5 4. cxd5 exd5 5. Bg5 c6 6. e3 h6 7. Bh4 Be7 8. Bd3 O-O 9. Bg3 a6 10. Nf3 Be6 11. h3 c5 12. dxc5 Bxc5 13. O-O Nc6 14. Rc1 Ba7 15. Ne5 Rc8 16. Ne2 Nb4 17. Rxc8 Qxc8 18. Bb1 Ne4 19. Bh2 Nc6 20. Nxc6 bxc6 21. Qd3 Re8 22. Ng3 f5 23. b4 Bf7 24. Ne2 a5 25. bxa5 c5 26. Qb5 d4 27. Bxe4 fxe4 28. Rd1 Qe6 29. Bc7 Qxa2 30. Bb6 Qb3 31. Qxb3 Bxb3 32. Rb1 d3 33. Nc3 Bxb6 34. axb6 c4 35. Kf1 Rb8 36. Ke1 Rxb6 37. Nxe4 Rc6 1/2-1/2